Como fomentar mejoras en el sistema de mercadeo de productos alimenticios en Costa Rica /
Gespeichert in:
| Körperschaft: | |
|---|---|
| Format: | Text |
| Veröffentlicht: |
San José :
IFAM. PIMA
|
| Ausgabe: | 2 |
| Schlagworte: | |
| Tags: |
Tag hinzufügen
Keine Tags, Fügen Sie den ersten Tag hinzu!
|
MARC
| LEADER | 00000 a a2200000 04500 | ||
|---|---|---|---|
| 001 | 17556 | ||
| 003 | |||
| 040 | |||
| 020 | |a [sin ISBN] | ||
| 090 | |a 0001 I59c | ||
| 110 | |a Instituto de Fomento y Asesoría Municipal | ||
| 245 | |a Como fomentar mejoras en el sistema de mercadeo de productos alimenticios en Costa Rica / |c Instituto de Fomento y Asesoría Municipal | ||
| 250 | |a 2 | ||
| 260 | |a San José : |b IFAM. PIMA | ||
| 300 | |a 82 p. | ||
| 650 | |a SECTOR AGROPECUARIO | ||
| 650 | |a PRODUCTOS ALIMENTICIOS | ||
| 650 | |a MERCADEO | ||
| 999 | |c 17559 |d 17559 | ||
